| LDR | | 00000nam c2200205 k 4500 |
| 001 | | 000000341761 |
| 005 | | 20260514112801 |
| 007 | | ta |
| 008 | | 260512s2022 ulkacd r 001a kor |
| 020 | |
▼a 9791162263624
▼g 93180 :
▼c \33000 |
| 040 | |
▼a 248032
▼c 248032
▼d 248032 |
| 041 | 1 |
▼a kor
▼h eng |
| 049 | 0 |
▼l EM112003
▼l EM112004
▼c 2 |
| 056 | |
▼a 517.34
▼2 4 |
| 090 | |
▼a 517.34
▼b T246ㄱ11 |
| 245 | 20 |
▼a 건강심리학 /
▼d Shelley E. Taylor,
▼e Annette L. Stanton ;
▼e 조성근,
▼e 김종원,
▼e 김혜정,
▼e 박순권,
▼e 심은정,
▼e 한경훈 옮김 |
| 246 | 11 |
▼a Health Psychology |
| 250 | |
▼a 제11판 |
| 260 | |
▼a 서울 :
▼b 시그마프레스,
▼c 2022 |
| 300 | |
▼a xviii, 492 p. :
▼b 삽화, 초상, 표 ;
▼c 26 cm |
| 504 | |
▼a 참고문헌(p. [408]-489) 및 색인(p. [490]-512) 수록 |
| 546 | |
▼a 영어 원작을 한국어로 번역 |
| 653 | |
▼a 건강심리학
▼a 건강행동
▼a 스트레스 |
| 700 | 1 |
▼a Taylor, Shelley E.,
▼e 저 |
| 700 | 1 |
▼a Stanton, Annette L.,
▼e 공저 |
| 700 | 1 |
▼a 조성근,
▼e 역 |
| 700 | 1 |
▼a 김종원,
▼e 공역 |
| 700 | 1 |
▼a 김혜정,
▼e 공역 |
| 700 | 1 |
▼a 박순권,
▼e 공역 |
| 700 | 1 |
▼a 심은정,
▼e 공역 |
| 700 | 1 |
▼a 한경훈,
▼e 공역 |
| 900 | 11 |
▼a 테일러, 셸리 E. |
| 900 | 10 |
▼a 스탠든, 아네트 L. |
| 950 | 0 |
▼b \33000 |
| 990 | |
▼a 관리자2
▼b 관리자2 |